La táctica del cambio: cómo abreviar la terapia
Saved in:
| Main Authors: | , , |
|---|---|
| Format: | Book |
| Language: | Spanish |
| Published: |
Barcelona
Herder
1988
|
| Edition: | 2a. ed |
| Series: | Biblioteca de Psicología, 141
|
| Subjects: | |
| Tags: |
Add Tag
No Tags, Be the first to tag this record!
|
MARC
| LEADER | 00000cam a2200000 a 4500 | ||
|---|---|---|---|
| 001 | UCC0492 | ||
| 003 | CL-VaPUC | ||
| 008 | 170818e19880000sp |||||||||||||||||spa|d | ||
| 020 | |a 842541427X | ||
| 082 | 0 | 4 | |a 616.8914 |b FIS |2 21 |
| 100 | 0 | |a Fisch, Richard |e author |9 594468 | |
| 700 | 0 | |a Weakland, John H |e author |9 594469 | |
| 700 | 0 | |a Segal, L |e author |9 594470 | |
| 245 | 1 | 3 | |a La táctica del cambio: cómo abreviar la terapia |
| 250 | |a 2a. ed | ||
| 300 | |a 327 p | ||
| 942 | |c BK | ||
| 945 | |d 20170818 15:36:00 |a dcastane | ||
| 260 | |a Barcelona |b Herder |c 1988 | ||
| 650 | 7 | |a PSICOTERAPIA |2 CL-VaPUC |9 594471 | |
| 583 | |a last modification |c 20170818 15:36:00 |k Rodrigo Vera | ||
| 490 | 0 | |a Biblioteca de Psicología, 141 | |
| 999 | |c 369321 |d 369319 | ||
| 952 | |0 0 |1 0 |3 erb |4 0 |6 616_891400000000000_FIS_1988 |7 0 |8 A |9 485070 |a BIBEDU |b BIBEDU |i 5414881 |o 616.8914 FIS 1988 |p 5414881 |r 2019-11-24 |w 2019-11-24 |y BK |z Catalogado en:20170818 |k PSI | ||